Dynamické modely rovnováhy oligopolu s diskrétnym časom

Na minha lista:
Detalhes bibliográficos
Autor principal: Grisáková, Nora, 1978-
Formato: Capítulo de Livro
Idioma:eslovaco
Tags: Adicionar Tag
Sem tags, seja o primeiro a adicionar uma tag!

MARC

LEADER 00000naa$a2200000$$$4500
001 0214577
005 20240502073603.9
041 0 |a slo 
044 |a SK 
245 1 0 |a Dynamické modely rovnováhy oligopolu s diskrétnym časom  |c Nora Grisáková 
100 1 |a Grisáková, Nora, 1978-